000 00697nam a2200217 a 4500
999 _c2473
_d2473
001 2473
003 BD-JhCC
005 20171106123452.0
008 171102s1990 bg |||| |a|| 000 0 ben d
035 _a(BD-JhCC)2473
040 _aBD-JhCC
_dBD-JhCC
041 _aben
082 _a327
_bKAL 1990
100 _aকালাম, আবুল
245 _aআন্তর্জাতিক সম্পর্ক : তত্ত্বীয় ও বাস্তবরূপ /
_cআবুল কালাম,
260 _aঢাকা :
_bবাংলা একাডেমী,
_c1990
300 _a215 p. :
_c20 cm.
650 _aInternational Relations
942 _2ddc
_cBK